| 000 | 00641nam a2200217 a 4500 | ||
|---|---|---|---|
| 001 | 5185 | ||
| 003 | CDMR | ||
| 005 | 20131031115828.0 | ||
| 008 | 130130s1981||||||||||||||||||||||||||||d | ||
| 020 | _a8432035955 | ||
| 040 |
_aCDMR _bcat _cCDMR |
||
| 245 | 4 |
_aLos rehenes de Teherán _cA. M. Rosenthal... [et al.] ; prólogo de Enrique Meneses |
|
| 260 |
_aBarcelona _c1981 _bPlaneta |
||
| 300 | _a229 p. | ||
| 490 | 0 | _aDocumento 55 | |
| 650 | 0 | 4 |
_9797 _aReportatges literaris |
| 650 | 0 | 4 |
_94225 _aOrient Mitjà _zIran _xHistòria _y1979-1981 |
| 700 |
_92883 _aMeneses, Enrique _epr. |
||
| 710 | 2 |
_94099 _aNew York Times (Diari) |
|
| 942 |
_cMON _2udc |
||
| 999 |
_c5185 _d5185 |
||